Statistiche per Primi 15 paesi interessati da Covid-19 - 23 novembre

Clicka qui per fare il quiz!

Statistiche generali

  • Questo quiz è stato fatto 3 volte
  • Il punteggio medio è 11 su 25

Statistiche sulle risposte

paese% Corretto
Brasile
100%
Francia
100%
India
100%
Italia
100%
Regno Unito
100%
Stati Uniti
100%
Argentina
67%
Belgio
67%
Germania
67%
Messico
67%
Russia
67%
Spagna
67%
Colombia
33%
Perù
33%
Polonia
33%
Slovenia
33%
Armenia
0%
Bahrain
0%
Cechia
0%
Iran
0%
Israele
0%
Kuwait
0%
Panama
0%
Qatar
0%
Svizzera
0%

Distribuzione punteggi

Percentile per numero di risposta

Percentuale di utenti per punteggio

I tuoi punteggi nel tempo

Non hai fatto questo quiz